000 00302nam a2200121Ia 4500
008 190216s9999||||xx |||||||||||||| ||und||
100 _aSeema Chopra
245 0 _aHindi-Bachom Mem Siksha Ka Mahathwa Yev Jankariyam
260 _bLeela Prakashan
_c2008
300 _a96
650 _aHindi
942 _cBK
999 _c16561
_d16561